LEADER 01687nam a2200385 u 4500 001 000000006091 003 CaOOAMICUS 005 20151116105420.0 008 940514s1951 it u001 u lat u 032 $aLibriCat 035 $a10156141 040 $aMnU$beng$cCaOTULAS 100 1 $aMarullus, Michael,$cdetto Tarchaniota,$d1453-1500.$0(OLS)http://pul/name/6234 245 10$aMichaelis Marulli Carmina /$cEdidit Alessandro Perosa. 260 $aTurici :$bAed. Thesauri Mundi,$cstampa1951. 300 $axliv, 261 p 490 1 $aThesaurus mundi ;$v4 500 $aImprint covered by label: Alleinige Auslieferung für die Schweiz, Artemis-Verlag, Zürich. 500 $aStamped on t.-p.: Mediaeval Academy of America, Cambridge, Mass. 500 $aIndici p. 223-261 504 $aBibliography: p. [xxxvii]-xliv. 504 $aContiene riferimenti bibliografici 700 1 $aPerosa, Alessandro,$d1910-1998.$0(OLS)http://pul/name/4900 740 0 $aCarmina. 830 0$aThesaurus mundi ;$v4.$0(OLS)http://pul/title/7690 850 $aPUL 852 $aPUL$W1$xDP1 Fondo Maccarrone$y58$m1506 C 4$j8659$nBK-PRI$b $qFondi$B8659$CPULBib$Z2$F8659 $H $81 852 $aPUL$W1$xSL Cons. Gen., Altre Classi 1$y1$m2000 B 4$j118326$qStampati$B118227$CPULBib$Z2$F118227 $H17333 $82 941 1 $a8 941 1 $a1 961 $aINV: 01774 -- Fondo Mons. M. Maccarrone 996 $6245$aMichaelis Marulli Carmina$9(OLS)http://pul/title/132902 996 $6740$aCarmina$9(OLS)http://pul/title/132063 996 $6260$aTurici :$bAed. Thesauri Mundi$9(OLS)http://pul/publisher/51151 LEADER 01305nam a2200289 u 4500 001 000000083508 003 CaOOAMICUS 005 20070226123958.0 008 050506s1951 it u000 u ita u 035 $a11045445 040 $aPUL(R)$bita 041 1 $aita$hfre 100 1 $aAmiot, F.$q(François),$cS.S.$0(OLS)http://pul/name/7136 240 10$aEnseignement de Saint Paul.$lItaliano.$0(OLS)http://pul/title/108839 245 12$aL'insegnamento di S. Paolo /$cFrancesco Amiot ; unica versione italiana autorizzata per cura del Sacerdote Giovanni Montali. 260 $aTorino :$bSEI,$c1951. 300 $axx, 544 p. ;$c21 cm 490 1 $aStudi superiori 504 $aBibliografia in nota. 600 04$aPaulus,$cs., apostolo.$0(OLS)http://pul/subject/417 830 0$aStudi superiori (S.E.I).$0(OLS)http://pul/title/31688 850 $aPUL 852 $aPUL$W1$xDP1 Fondo Cecchetti$y53$m266 A 20$j106250$nBK-PRI$b $qFondi$B106250$CPULBib$Z2$F106250 $HPUL1430 $81 852 $aPUL$W1$xDP1 Fondo Pastorale$y55$mP4 B 5$j106251$nBK-PRI$b $qFondi$B106251$CPULBib$Z2$F106251 $HPUL158 $81 941 1 $a1 996 $6245$aL'insegnamento di S. Paolo$9(OLS)http://pul/title/108840 996 $6260$aTorino :$bSEI$9(OLS)http://pul/publisher/47967